Statistiken für Sänger zum 2023 Song

Klicken Sie hier um das Quiz zu spielen!

Allgemein

  • Dieses Quiz wurde 159 mal gespielt
  • Das Durchschnittsergebnis liegt bei 5 aus 15

Antwortstatistiken

SongSänger% Korrekt
FlowersMiley Cyrus
90%
UnholySam Smith
62%
Dance The NightDua Lipa
55%
VampireOlivia Rodrigo
53%
Eyes ClosedEd Sheeran
38%
TrustfallPink
34%
ChemicalPost Malone
33%
Breaking Your HeartApache 207
20%
Can't Tame HerZara Larsson
18%
Holding OnLeony
16%
CupidFifty Fifty
12%
Waffle HouseJonas Brothers
9%
AloneKim Petras
6%
Calm DownRema
6%
Love AgainThe Kid Laroi
4%

Verteilung der Resultate

Perzentil nach korrekt beantworteten Fragen

Anzahl Personen mit jedem Resultat

Ihre Resultats-Entwicklung

Sie haben dieses Quiz noch nicht gespielt